| 000 | 00377nam a2200157Ia 4500 | ||
|---|---|---|---|
| 008 | 230917s9999||||xx |||||||||||||| ||und|| | ||
| 020 | _cPOU10 | ||
| 040 |
_e3630 _aMAIN |
||
| 041 | _aEnglish | ||
| 082 | _a320.94 C771E | ||
| 100 | _aCook, Chris | ||
| 245 | 0 | _aEuropean political facts: 1918-73 | |
| 260 |
_aLondon _bMacmillan _c1975 |
||
| 300 | _avii, 363 p. | ||
| 942 | _cBK | ||
| 999 |
_c182080 _d182080 |
||